Cargando...

പകല്‍വീട് /

Detalles Bibliográficos
Autor Principal: മാസ്റ്റര്‍, എ. കെ. സി
Outros autores: Master, A. K. C.
Formato: Printed Book
Idioma:English
Publicado: വേങ്ങര : 2015.
Subjects:
LEADER 00652nam a22001697a 4500
008 180116b xxu||||| |||| 00| 0 eng d
999 |c 21246  |d 21246 
082 |a 894.13  |b MAS 
100 |a മാസ്റ്റര്‍, എ. കെ. സി. 
240 |a Pakal veedu . 
245 |a പകല്‍വീട് /  |c എ. കെ. സി. മാസ്റ്റര്‍ 
260 |a വേങ്ങര :  |c 2015. 
300 |a 98p. 
650 |a Social novel 
700 |a Master, A. K. C. 
942 |2 ddc  |c BK 
952 |0 0  |1 0  |2 ddc  |4 0  |6 894_130000000000000_MAS  |7 0  |9 29429  |a MAIN  |b MAIN  |d 2018-01-16  |e Chithrareshmi Books  |g 50.00  |o 894.13 MAS  |p 29545  |r 2018-01-16  |t 1  |w 2018-01-16  |y BK